Los Diez. Ediciones mensuales de Filosofía, Arte y Literatura
Guardat en:
| Autor principal: | |
|---|---|
| Format: | Llibre |
| Idioma: | espanyol |
| Publicat: |
Santiago
Imprenta Universitaria
1916
|
| Edició: | 1a. ed |
| Col·lecció: | Los Diez, I
|
| Matèries: | |
| Etiquetes: |
Afegir etiqueta
Sense etiquetes, Sigues el primer a etiquetar aquest registre!
|
MARC
| LEADER | 00000nam a2200000 a 4500 | ||
|---|---|---|---|
| 001 | UCJ8637 | ||
| 003 | CL-VaPUC | ||
| 005 | 20230415074412.0 | ||
| 008 | 070124e19160000CL |||||||||||||||||spa|d | ||
| 999 | |c 324307 |d 324305 | ||
| 040 | |c Pontificia Universidad Católica de Valparaíso | ||
| 082 | 0 | 4 | |a Ch863 |b MON |2 21 |
| 100 | 1 | |a Mondaca Cortés, Carlos Roberto |e autor |9 866872 | |
| 245 | 1 | 0 | |a Los Diez. Ediciones mensuales de Filosofía, Arte y Literatura |
| 250 | |a 1a. ed | ||
| 260 | |a Santiago |b Imprenta Universitaria |c 1916 | ||
| 300 | |a 361 p | ||
| 490 | 0 | |a Los Diez, I | |
| 583 | |a last modification |c 20070124 00:00:00 |k Rodrigo Vera | ||
| 600 | 0 | 7 | |a MOORE, EDUARDO |2 CL-VaPUC |9 380572 |
| 600 | 0 | 7 | |a GONZALEZ, JUAN FRANCISCO |2 CL-VaPUC |9 358503 |
| 600 | 0 | 7 | |a COUSIÑO, LUIS |2 CL-VaPUC |9 513293 |
| 600 | 0 | |a García-Huidobro Fernández, Vicente, |d 1893-1948 |9 858153 | |
| 650 | 0 | |a Poesía chilena |9 268403 | |
| 650 | 0 | |a Crítica literaria |9 269189 | |
| 650 | 0 | |a Cuento |9 316426 | |
| 650 | 0 | |a Ilustraciones |9 369481 | |
| 852 | |a BIBCUR | ||
| 942 | |c BK |2 ddc | ||
| 945 | |d 20070124 00:00:00 |a rinostro | ||
| 952 | |0 0 |1 0 |4 0 |6 CH_863_000000000000000_MON_1916 |7 0 |8 X |9 404393 |a FDOBUD |b FDOBUD |d 2019-11-22 |i 1081608 |o Ch863 MON 1916 |p 1081608 |r 2019-11-22 |w 2019-11-22 |y BK_X |k BUD | ||